1110 1983 1046 1154 1506 1840 1206 1221 1768 1069 1428 1926 1362 1720 1214 1215 1006 1976 1219 1411 1680 1835 1285 1680 1195 1869 1740 1917 1597 1233 1412 1135 1647 1471 1239 1591 1134 1807 1481 1472 1235 1299 1134 1077 1853 1542 1759 1684 1788 1272 1038 1947 1288 1591 1239 1446 1402 1451 1962 1267 1838 1080 1486 1002 1920 1301 1137 1130 1001 1195 1784 1716 1387 1723 1695 1164 1801 1129 1008 1561 1406 1888 1109 1970 1740 1351 1808 1710 1234 1543 1424 1461 1952 1511 1723 1890 1933 1673 1795 BCNSPRNW ULIB Ver.6.0+V

เปลี่ยนเป็นภาษาไทย

Change to English
 แสดงรายละเอียดบรรณานุกรม
  กลับหน้าหลัก

Brief Record : Get Marc (ISO 2709) : E-mail record : QR code < ปิดหน้าต่าง
LEADER : 00000nam 2200000uu 4500
001    13399114714
003     ULIB
008    120110s2553||||th 000 0 tha d
099    วจ.W21.5^bก172ฟ
100 0  กรรณิกา เรืองเดช
245 00 พัฒนาการการผลิตกำลังคนผู้ให้บริการด้านการแพทย์แผนไทย ของวิทยาลัยในสังกัดสถาบันพระบรมราชชนก และการสำรวจสถานการณ์กำลังคนผู้ให้บริการด้านการแพทย์แผนไทยในโรงพยาบาลของรัฐ/^cกรรณิกา เรืองเดช,ไพบูลย์ ชาวสวนศรีเจริญ,กนกกร มอหะหมัด และ ไฟศอล มาหะมะ
260    นนทบุรี :^bสถาบันพระบรมราชชนก,^c2553
300    81 หน้า :^bตาราง
500    รายงานการวิจัย
650  7 การบริหารการแพทย์แผนไทย^xการศึกษา^xวิจัย
650  7 แพทย์แผนไทย^xวิจัย
700 02 ไพบูลย์ ชาวสวนศรีเจริญ
700 02 กนกกร มอหะหมัด
700 02 ไฟศอล มาหะมะ
710    สถาบันพระบรมราชชนก
945    ^p0^l0^i031728
995    ทศพร
999 ^a ทศพร
รายการนี้ยังไม่มีแท็ก
คุณยังไม่ได้ล็อกอิน คุณสามารถมีกิจกรรมร่วมกับเว็บไซต์ได้ แต่ต้องล็อกอินก่อน ::
  ล็อกอิน

รายการสื่อสารสนเทศ

ลำดับที่ ประเภท เลขเรียก/บาร์โค้ด สถานที่ สถานะ
1. งานวิจัย
งานวิจัย
วจ.W21.5 ก172ฟ ฉ.1 
  Barcode: 031728
ห้องสมุดวิทยาเขตสวรรค์ประชารักษ์
►วิจัย
บนชั้น

BibComment


ยังไม่เคยถูกคอมเมนท์

คอมเมนท์ทรัพยากรรายการนี้
  คอมเมนท์: พัฒนาการการผลิตกำ..


 Copyright 2026. Bcnsprnw @Library